| 000 | 00823cam a2200265 4500 | ||
|---|---|---|---|
| 001 | 21857 | ||
| 003 | (BD-RjUL | ||
| 005 | 20211209000734.0 | ||
| 008 | 731010s1974 nyu b s000 0 eng | ||
| 020 |
_a0873952545 _a0873952553 (microfiche) |
||
| 035 | _a(BD-RjUL)21922 | ||
| 040 |
_aDLC _cDLC _dBD-RjUL _beng |
||
| 041 | _aeng | ||
| 082 | 0 | 0 |
_a880.935 _bVEM 1974 |
| 100 | 1 |
_aVersenyi, Laszlo. _q Laszlo Versenyi. _967485 |
|
| 245 | 1 | 0 |
_aMan's measure : _ba study of the Greek image of man from Homer to Sophocles / |
| 250 | _a1st ed. | ||
| 260 |
_aAlbany, _bState University of New York Press, _c1974. |
||
| 300 |
_axiii, 274 p. : _c22 cm. |
||
| 504 | _aBibliography: p. 270-274. | ||
| 650 | 0 |
_aGreek literature _xHistory and criticism. _967459 |
|
| 942 |
_2ddc _cBK |
||
| 999 |
_c21857 _d21857 |
||